| 000 | 01053 a2200205 4500 | ||
|---|---|---|---|
| 020 | _a1568301979 | ||
| 020 | _a9781568301976 | ||
| 082 | 0 | 4 | _a004.67 |
| 090 |
_c3567 _d3567 |
||
| 100 | 1 | _aEngst, Adam C. | |
| 245 | 1 | 0 |
_aInternet starter kit for macintosh/book and disk / _cAdam C. Engst. |
| 250 | _aBk&Dsk/3rd ed. | ||
| 260 |
_a[S.l.] : _bHayden Books, _c1995. |
||
| 300 |
_a900 p. ; _c24 cm. |
||
| 500 | _aPaperback. | ||
| 520 | _aThe Internet is rapidly changing. Every day new programs are added and information is updated. With that in mind, Engst has written a guide that is beneficial to Macintosh users of the Internet, providing comprehensive coverage of a broad range of Internet topics. Also includes an introduction and history of the Internet. The disk contains software needed to get connected to the Internet. | ||
| 856 | 4 | 0 |
_3Amazon.com _uhttp://www.amazon.com/exec/obidos/ASIN/1568301979/chopaconline-20 |
| 856 | 4 | 0 |
_3Amazon customer reviews _uhttp://www.chopac.org/cgi-bin/tools/azrev.pl?q=1568301979 |
| 942 |
_aNBS _cBK _k004.67 ENG |
||
| 999 |
_c346040 _d346040 |
||